[Event "American Continental 13th"]
[Site "Medellin"]
[Date "2017.06.16"]
[Round "9"]
[White "Romero Barreto, Jaime Jose"]
[Black "Puppi Lazo, Jorge Luis"]
[Result "1-0"]
[WhiteElo "2266"]
[BlackElo "2120"]
[PlyCount "63"]
[EventDate "2017.06.10"]
[EventType "swiss"]
[EventRounds "11"]
[EventCountry "COL"]
[SourceTitle "EXT 2018"]
[Source "ChessBase"]
[SourceDate "2017.10.13"]
[SourceVersion "1"]
[SourceVersionDate "2017.10.13"]
[SourceQuality "1"]

1. e4 c5 2. Nf3 e6 3. c3 Nf6 4. e5 Nd5 5. g3 Nc6 6. Bg2 Be7 7. 0-0 0-0 8. Na3 Qc7 9. Re1 a6 10. Nc2 b5 11. d4 cxd4 12. Ncxd4 h6 13. Nf5 Bd8 14. Nxh6+ gxh6 15. Bxh6 Re8 16. Ng5 Nxe5 17. Nxf7 Kxf7 18. Qh5+ Ng6 19. Bxd5 Rb8 20. Be4 Rg8 21. Re3 Bf6 22. Rf3 Ke7 23. Bxg6 Qe5 24. Qxe5 Bxe5 25. Rf7+ Kd6 26. Bh7 Rh8 27. f4 Bf6 28. g4 Bb7 29. g5 Bd8 30. Bg7 Bb6+ 31. Kf1 Rxh7 32. Be5+ 1-0

[Event "American Continental 13th"]
[Site "Medellin"]
[Date "2017.06.15"]
[Round "8"]
[White "Cortes Orihuela, Javier"]
[Black "Puppi Lazo, Jorge Luis"]
[Result "1-0"]
[WhiteElo "2235"]
[BlackElo "2120"]
[PlyCount "87"]
[EventDate "2017.06.10"]
[EventType "swiss"]
[EventRounds "11"]
[EventCountry "COL"]
[SourceTitle "CBM 178 Extra"]
[Source "ChessBase"]
[SourceDate "2017.06.22"]
[SourceVersion "1"]
[SourceVersionDate "2017.06.22"]
[SourceQuality "1"]

1. d4 Nf6 2. c4 e6 3. g3 d5 4. Nf3 Be7 5. Bg2 0-0 6. 0-0 dxc4 7. Qc2 a6 8. a4 Bd7 9. Qxc4 Bc6 10. Bf4 Bd6 11. Qc1 Nbd7 12. Nc3 Nb6 13. Bg5 Nbd5 14. Nxd5 Bxd5 15. Qb1 Be7 16. Bxf6 Bxf6 17. e4 Bc6 18. Rd1 Qd7 19. b3 Rfd8 20. Ra2 b5 21. a5 b4 22. Bf1 Bb5 23. Bxb5 Qxb5 24. Rc2 Qxa5 25. Rc6 Rd7 26. Qc2 Rb8 27. Qc4 Qb5 28. Rxc7 Rxc7 29. Qxc7 g6 30. Rc1 Qb7 31. Qf4 Bd8 32. Ne5 g5 33. Qf3 Kg7 34. d5 exd5 35. exd5 f6 36. Nc6 Rc8 37. Re1 a5 38. Re6 Qf7 39. Qe3 Qd7 40. Qe4 a4 41. Nxd8 Qxd8 42. Re7+ Kf8 43. Rxh7 Rc1+ 44. Kg2 1-0

[Event "PER-ch U20"]
[Site "Lima"]
[Date "2016.04.20"]
[Round "2"]
[White "Puppi Lazo, Jorge Luis"]
[Black "Zena Mera, Gianpierre"]
[Result "1-0"]
[WhiteElo "2129"]
[BlackElo "1648"]
[PlyCount "45"]
[EventDate "2016.04.20"]
[EventType "swiss"]
[EventRounds "9"]
[EventCountry "PER"]
[SourceTitle "CBM 172 Extra"]
[Source "ChessBase"]
[SourceDate "2016.06.21"]
[SourceVersion "1"]
[SourceVersionDate "2016.06.21"]
[SourceQuality "1"]

1. e4 e6 2. d4 d5 3. Nd2 Be7 4. Bd3 Nf6 5. c3 c5 6. Ngf3 Nc6 7. 0-0 0-0 8. e5 Nd7 9. a3 cxd4 10. cxd4 f6 11. exf6 Bxf6 12. Re1 Nxd4 13. Nxd4 Bxd4 14. Nf3 Bf6 15. Qc2 e5 16. Bxh7+ Kh8 17. Qf5 Be7 18. Qh3 Nf6 19. Bf5+ Kg8 20. Be6+ Bxe6 21. Qxe6+ Rf7 22. Nxe5 Qe8 23. Nxf7 1-0

[Event "Antofagasta Zicosur op 2nd"]
[Site "Antofagasta"]
[Date "2016.01.08"]
[Round "6"]
[White "Barrera Ricra, Victor Hugo"]
[Black "Puppi Lazo, Jorge Luis"]
[Result "0-1"]
[WhiteElo "1785"]
[BlackElo "2139"]
[PlyCount "48"]
[EventDate "2016.01.05"]
[EventType "swiss"]
[EventRounds "9"]
[EventCountry "CHI"]
[SourceTitle "CBM 170 Extra"]
[Source "ChessBase"]
[SourceDate "2016.02.25"]
[SourceVersion "1"]
[SourceVersionDate "2016.02.25"]
[SourceQuality "1"]

1. d4 Nf6 2. Nf3 c5 3. e3 cxd4 4. exd4 g6 5. Bd3 Bg7 6. 0-0 0-0 7. c3 d5 8. Bf4 Nc6 9. h3 a6 10. Nbd2 Re8 11. Re1 Nd7 12. Qc2 e5 13. dxe5 Ndxe5 14. Nxe5 Nxe5 15. Bxe5 Rxe5 16. Nf3 Rxe1+ 17. Rxe1 b5 18. Rd1 Bb7 19. Bf1 Rc8 20. Qb3 Qd7 21. Qb4 Re8 22. b3 Rc8 23. Nd4 Qc7 24. Re1 Bf8 0-1

[Event "Bogota Millonario op"]
[Site "Bogota"]
[Date "2015.12.19"]
[Round "3"]
[White "Guzman, Pedro Juan"]
[Black "Puppi Lazo, Jorge Luis"]
[Result "0-1"]
[WhiteElo "1988"]
[BlackElo "2139"]
[PlyCount "101"]
[EventDate "2015.12.18"]
[EventType "swiss"]
[EventRounds "9"]
[EventCountry "COL"]
[SourceTitle "EXT 2017"]
[Source "ChessBase"]
[SourceDate "2016.10.25"]
[SourceVersion "1"]
[SourceVersionDate "2016.10.25"]
[SourceQuality "1"]

1. e4 c5 2. Nf3 e6 3. d4 cxd4 4. Nxd4 Nc6 5. Nc3 Qc7 6. Ndb5 Qb8 7. Be3 Nf6 8. Be2 Be7 9. 0-0 0-0 10. f4 a6 11. Nd4 d5 12. e5 Nd7 13. Bd3 Nc5 14. Bxh7+ Kxh7 15. Qh5+ Kg8 16. Rf3 f6 17. Rh3 f5 18. Rf1 Nxe5 19. fxe5 Qxe5 20. Nde2 Nd7 21. Bd4 Bc5 22. Bxc5 Nxc5 23. Nf4 Qf6 24. Ng6 Rd8 25. Qh7+ Kf7 26. Nh8+ Ke7 27. Rg3 Kd6 28. Rxg7 Rd7 29. Rxd7+ Bxd7 30. Ng6 Be8 31. b4 Nd7 32. Ne4+ dxe4 33. Rd1+ Kc7 34. Nf4 Bf7 35. Qh3 Rd8 36. Qg3 e5 37. Nd5+ Bxd5 38. Rxd5 Qc6 39. Qb3 b6 40. c4 Nf6 41. Rxe5 Qd6 42. Rxf5 Ng4 43. Qg3 Qxg3 44. hxg3 Rd1+ 45. Rf1 Rxf1+ 46. Kxf1 Ne3+ 47. Kf2 Nxc4 48. g4 Kd6 49. g5 Ke6 50. g4 Kf7 51. Kg3 0-1

[Event "Bogota Millonario op"]
[Site "Bogota"]
[Date "2015.12.19"]
[Round "4"]
[White "Puppi Lazo, Jorge Luis"]
[Black "Barrientos Chavarriaga, Sergio E"]
[Result "1/2-1/2"]
[WhiteElo "2139"]
[BlackElo "2482"]
[PlyCount "95"]
[EventDate "2015.12.18"]
[EventType "swiss"]
[EventRounds "9"]
[EventCountry "COL"]
[SourceTitle "EXT 2017"]
[Source "ChessBase"]
[SourceDate "2016.10.25"]
[SourceVersion "1"]
[SourceVersionDate "2016.10.25"]
[SourceQuality "1"]

1. e4 c5 2. Nf3 d6 3. d4 cxd4 4. Nxd4 Nf6 5. Nc3 a6 6. h3 e6 7. g4 Be7 8. Be3 Nfd7 9. Bg2 Nc6 10. 0-0 0-0 11. f4 Re8 12. Nce2 Bf8 13. Qd2 Qc7 14. Kh1 Nxd4 15. Nxd4 b5 16. f5 Bb7 17. fxe6 fxe6 18. Ne2 Rac8 19. c3 Ne5 20. b3 Ng6 21. Bf2 Be7 22. Rad1 Rf8 23. Bg3 e5 24. Rf5 h6 25. Qd3 Qc6 26. Kh2 Rfd8 27. Rff1 Bg5 28. Qf3 Rf8 29. Qd3 Nf4 30. Bxf4 Bxf4+ 31. Kh1 Rf6 32. Ra1 Qc5 33. a4 Rcf8 34. axb5 axb5 35. Ra5 Bc6 36. Ra6 Bb7 37. Ra5 Kh7 38. Nxf4 Rxf4 39. Rxf4 Rxf4 40. Rxb5 Qa7 41. Rb4 Bc8 42. Qxd6 Qa1+ 43. Kh2 Qxc3 44. Rb5 Ba6 45. Qxe5 Qe3 46. Rc5 Rf2 47. Rc7 Rxg2+ 48. Kxg2 1/2-1/2

[Event "PER-ch"]
[Site "Lima"]
[Date "2015.05.01"]
[Round "3"]
[White "Rosello, Jaime"]
[Black "Puppi Lazo, Jorge Luis"]
[Result "0-1"]
[WhiteElo "2013"]
[BlackElo "2099"]
[PlyCount "76"]
[EventDate "2015.04.30"]
[EventType "swiss"]
[EventRounds "8"]
[EventCountry "PER"]
[SourceTitle "CBM 166 Extra"]
[Source "ChessBase"]
[SourceDate "2015.06.18"]
[SourceVersion "1"]
[SourceVersionDate "2015.06.18"]
[SourceQuality "1"]

1. e4 c5 2. Nf3 e6 3. d4 cxd4 4. Nxd4 Nc6 5. Nb5 d6 6. c4 Nf6 7. N1c3 a6 8. Na3 Be7 9. Be2 b6 10. Be3 Bb7 11. Qb3 Nd7 12. Rd1 Rb8 13. 0-0 0-0 14. Qc2 Nc5 15. f3 Re8 16. Qd2 Qc7 17. Nc2 Rbc8 18. b3 Qb8 19. Bf4 Ne5 20. Nd4 Bd8 21. Nc2 Bc7 22. Bg3 Rcd8 23. f4 Ng6 24. Bf3 b5 25. cxb5 d5 26. exd5 exd5 27. Nd4 Ne4 28. Qb2 Nxf4 29. Bxe4 dxe4 30. Nc6 Bxc6 31. Rxd8 Qxd8 32. bxc6 Qd4+ 33. Kh1 Nd3 34. Qc2 Bxg3 35. hxg3 Re6 36. Qd2 Rh6+ 37. Qxh6 gxh6 38. Ne2 Qd6 0-1

[Event "Lima Peru Chess"]
[Site "Lima"]
[Date "2014.01.31"]
[Round "4"]
[White "Paredes Lagos, Anthony Javier"]
[Black "Puppi Lazo, Jorge Luis"]
[Result "0-1"]
[WhiteElo "1842"]
[BlackElo "2036"]
[PlyCount "76"]
[EventDate "2014.01.28"]
[EventType "tourn"]
[EventRounds "11"]
[EventCountry "PER"]
[SourceTitle "EXT 2018"]
[Source "ChessBase"]
[SourceDate "2017.10.13"]
[SourceVersion "1"]
[SourceVersionDate "2017.10.13"]
[SourceQuality "1"]

1. c4 e5 2. Nc3 Nf6 3. Nf3 Nc6 4. d4 exd4 5. Nxd4 Bb4 6. Nxc6 bxc6 7. Qc2 0-0 8. Bg5 Re8 9. a3 Be7 10. Rd1 d6 11. g3 h6 12. Bc1 Ng4 13. Bg2 Bd7 14. 0-0 Ne5 15. b3 a5 16. f4 Ng6 17. h3 Bf8 18. Kh2 Rb8 19. e4 Qc8 20. Nb1 c5 21. a4 Bc6 22. Nd2 Qb7 23. f5 Ne5 24. Rde1 Be7 25. f6 Bxf6 26. Rxf6 gxf6 27. Rf1 Re6 28. Qc3 Kg7 29. Qxa5 Qb4 30. Qxc7 Rb7 31. Qc8 Bd7 32. Qa8 Nc6 33. Ba3 Qb6 34. a5 Qc7 35. Qa6 Nb8 36. Qa8 Bc6 37. e5 Ra7 38. exd6 Rxd6 0-1

[Event "Lima IRT op 4th"]
[Site "Lima"]
[Date "2014.01.26"]
[Round "5"]
[White "Castillo Martinez, Paola"]
[Black "Puppi Lazo, Jorge Luis"]
[Result "0-1"]
[WhiteElo "1667"]
[BlackElo "2036"]
[PlyCount "44"]
[EventDate "2014.01.22"]
[EventType "swiss"]
[EventRounds "7"]
[EventCountry "PER"]
[SourceTitle "CBM 158 Extra"]
[Source "ChessBase"]
[SourceDate "2014.02.28"]
[SourceVersion "1"]
[SourceVersionDate "2014.02.28"]
[SourceQuality "1"]

1. e4 c5 2. Nf3 e6 3. c4 Nc6 4. Nc3 d6 5. d4 cxd4 6. Nxd4 a6 7. Be3 Nf6 8. Be2 Be7 9. 0-0 Qc7 10. f3 0-0 11. Rc1 Ne5 12. b3 b6 13. Qd2 Bb7 14. Rfd1 Rac8 15. Qe1 Rfe8 16. Qf2 Nfd7 17. Kh1 Qb8 18. b4 Bd8 19. Na4 Bc7 20. a3 d5 21. cxd5 exd5 22. Nc3 Nc6 0-1

[Event "Pan American-ch U18 24th"]
[Site "Pocos de Caldas"]
[Date "2013.07.27"]
[Round "3.10"]
[White "Puppi Lazo, Jorge Luis"]
[Black "Principe, Alexander"]
[Result "1/2-1/2"]
[WhiteElo "1948"]
[BlackElo "2271"]
[PlyCount "37"]
[EventDate "2013.07.25"]
[EventType "swiss"]
[EventRounds "9"]
[EventCountry "BRA"]
[SourceTitle "EXT 2016"]
[Source "ChessBase"]
[SourceDate "2015.10.08"]
[SourceVersion "1"]
[SourceVersionDate "2015.10.08"]
[SourceQuality "1"]

1. e4 c5 2. Nf3 d6 3. d4 cxd4 4. Nxd4 Nf6 5. Nc3 a6 6. Be2 e5 7. Nb3 Be6 8. f4 Qc7 9. g4 exf4 10. g5 Nfd7 11. Bxf4 Nc6 12. Qd2 0-0-0 13. 0-0-0 Nce5 14. Nd5 Bxd5 15. Qxd5 Be7 16. h4 Kb8 17. Rh3 Nb6 18. Qd4 f6 19. Be3 1/2-1/2

[Event "Lima GP IRT op"]
[Site "Lima"]
[Date "2013.??.??"]
[Round "9"]
[White "Oswaldo Valentin, Requejo Cotrin"]
[Black "Puppi Lazo, Jorge Luis"]
[Result "1-0"]
[WhiteElo "2314"]
[BlackElo "1948"]
[PlyCount "78"]
[EventDate "2013.08.21"]
[EventType "swiss"]
[EventRounds "9"]
[EventCountry "PER"]
[SourceTitle "CBM 156 Extra"]
[Source "ChessBase"]
[SourceDate "2013.10.22"]
[SourceVersion "1"]
[SourceVersionDate "2013.10.22"]
[SourceQuality "1"]

1. Nf3 Nf6 2. c4 c5 3. Nc3 Nc6 4. d4 cxd4 5. Nxd4 g6 6. e4 d6 7. Be2 Bg7 8. Be3 0-0 9. 0-0 Bd7 10. Qd2 Rc8 11. Nxc6 Bxc6 12. f3 a6 13. b4 Bd7 14. Rac1 Qc7 15. a4 b6 16. Nd5 Nxd5 17. cxd5 Qb7 18. b5 a5 19. Rc6 Bxc6 20. bxc6 Qc7 21. Rb1 Rb8 22. Bc4 f5 23. Kh1 fxe4 24. fxe4 Kh8 25. Qe1 e6 26. Qg1 exd5 27. Bxd5 h5 28. h3 Be5 29. Rxb6 Rxb6 30. Bxb6 Qc8 31. Qc1 Kh7 32. Qc4 Rf3 33. Be6 Qf8 34. gxf3 Qxf3+ 35. Kg1 Qg3+ 36. Kf1 Qf3+ 37. Bf2 Bg3 38. Qe2 Qh1+ 39. Bg1 d5 1-0

[Event "Piura op"]
[Site "Piura"]
[Date "2013.??.??"]
[Round "6"]
[White "Puppi Lazo, Jorge Luis"]
[Black "Leiva Rodriguez, Jeammarco Giuseppe"]
[Result "0-1"]
[WhiteElo "1948"]
[BlackElo "2406"]
[PlyCount "55"]
[EventDate "2013.08.12"]
[EventType "swiss"]
[EventRounds "8"]
[EventCountry "PER"]
[SourceTitle "CBM 155 Extra"]
[Source "ChessBase"]
[SourceDate "2013.08.26"]
[SourceVersion "1"]
[SourceVersionDate "2013.08.26"]
[SourceQuality "1"]

1. e4 c6 2. d4 d5 3. Nc3 dxe4 4. Nxe4 Bf5 5. Ng3 Bg6 6. N1e2 e6 7. Nf4 Bd6 8. h4 Qc7 9. Nxg6 hxg6 10. Ne4 Bf4 11. Bd3 Nd7 12. Bxf4 Qxf4 13. g3 Qc7 14. Qf3 Ngf6 15. Ng5 c5 16. 0-0-0 cxd4 17. Bxg6 fxg6 18. Nxe6 Qc4 19. Rhe1 Rc8 20. c3 Qxa2 21. Nc5+ Kf7 22. Nxb7 Qa1+ 23. Kc2 Qa4+ 24. Kc1 Kf8 25. Re2 Rh5 26. g4 Rb5 27. Rc2 Ne5 28. Qf4 0-1

[Event "Piura op"]
[Site "Piura"]
[Date "2013.??.??"]
[Round "1"]
[White "Puppi Lazo, Jorge Luis"]
[Black "Rodriguez, Sofia"]
[Result "1-0"]
[WhiteElo "1948"]
[BlackElo "1831"]
[PlyCount "75"]
[EventDate "2013.08.12"]
[EventType "swiss"]
[EventRounds "8"]
[EventCountry "PER"]
[SourceTitle "CBM 155 Extra"]
[Source "ChessBase"]
[SourceDate "2013.08.26"]
[SourceVersion "1"]
[SourceVersionDate "2013.08.26"]
[SourceQuality "1"]

1. e4 c5 2. Nf3 d6 3. d4 cxd4 4. Nxd4 Nf6 5. Nc3 a6 6. Be2 e6 7. 0-0 Be7 8. Be3 Nc6 9. f4 0-0 10. Kh1 Qc7 11. Bf3 Bd7 12. Nb3 Rac8 13. g4 Rfd8 14. g5 Ne8 15. Bg2 Bf8 16. Qh5 g6 17. Qh4 Nb4 18. Rac1 Bg7 19. Rf3 Bxc3 20. bxc3 Nxa2 21. Ra1 Nxc3 22. Bd4 e5 23. Bxc3 Qxc3 24. Rxc3 Rxc3 25. Qf2 Rdc8 26. Qb6 Rxc2 27. Qxb7 Be6 28. fxe5 dxe5 29. Rb1 Bxb3 30. Qxb3 Rc1+ 31. Rxc1 Rxc1+ 32. Bf1 Rxf1+ 33. Kg2 Rc1 34. Qb8 Rc2+ 35. Kg3 Kf8 36. Qxe5 Nc7 37. Qh8+ Ke7 38. h4 1-0